00283nam a2200109Ia 4500008004100000100001800041245001400059260000900073300002900082440002400111650003800135180117s9999 xx 000 0 und d aby Zac Sarian aAgri-talk c2017 a25 pages, 2017 January 8 aPhilippine Panorama aSWEET CORN SUCCESS ON RENTED LAND